Negation in Don Quijote : a dissertation submitted to the faculty of the division of the Humanities in cambidacy for the degree of Doctor of Phylosophy / (Record no. 78848)

MARC details
000 -LEADER
campo de control de longitud fija 00755nam a2200193 i 4500
001 - NÚMERO DE CONTROL
campo de control 78848
003 - IDENTIFICADOR DE NÚMERO DE CONTROL
campo de control ES-MaACL
005 - FECHA Y HORA DE LA ÚLTIMA TRANSACCIÓN
campo de control 20240219212907.0
007 - CAMPO FIJO DE DESCRIPCIÓN FÍSICA--INFORMACIÓN GENERAL
campo de control de longitud fija t|
008 - DATOS DE LONGITUD FIJA--INFORMACIÓN GENERAL
campo de control de longitud fija 041018s1933 xxu ||||1| eng d
100 1# - ENTRADA PRINCIPAL--NOMBRE DE PERSONA
Nombre de persona Haynes, Randolph Arnold.
9 (RLIN) 62211
245 10 - MENCIÓN DEL TÍTULO
Título Negation in Don Quijote : a dissertation submitted to the faculty of the division of the Humanities in cambidacy for the degree of Doctor of Phylosophy /
Mención de responsabilidad, etc. Randolph Arnold Haynes.
260 ## - PUBLICACIÓN, DISTRIBUCIÓN, ETC.
Lugar de publicación, distribución, etc. Texas :
Nombre del editor, distribuidor, etc. Austin,
Fecha de publicación, distribución, etc. 1933.
300 ## - DESCRIPCIÓN FÍSICA
Extensión XI, 167 p. ;
Dimensiones 22 cm.
594 ## - Nota al título y mención de responsabilidad
Nota al título y mención de responsabilidad Precede al tít.: The University of Chicago.
600 17 - PUNTO DE ACCESO ADICIONAL DE MATERIA--NOMBRE DE PERSONA
Nombre de persona Cervantes Saavedra, Miguel de,
Fechas asociadas al nombre 1547-1616.
Título de la obra Don Quijote de la Mancha-
Subdivisión general Crítica textual
Fuente del encabezamiento o término
9 (RLIN) 158873
852 ## - LOCALIZACIÓN
Ubicación ES-MaACL
Número de control de estantería A-2379
Holdings
Estatus retirado Estado de pérdida Estado de daño No para préstamo Biblioteca de origen Biblioteca actual Ubicación en estantería Fecha de adquisición Fuente de adquisición Total de préstamos Signatura topográfica completa Código de barras Visto por última vez Precio de reemplazo Tipo de ítem Koha
        Biblioteca del Ateneo de Madrid Biblioteca del Ateneo de Madrid Sala Pecera Planta 1 17/01/2008     A-2379 1082461 23/02/2023 23/02/2023 Libro impreso